000 00324nam a22001337a 4500
008 181023b xxu||||| |||| 00| 0 eng d
020 _a9780312096526
041 _aeng
080 _23rd
_a316
100 _a50
101 _aSOC
245 _aRace, Class, and Gender in the United States
_cRothenberg,P.S
942 _2udc
_cBK
999 _c50696
_d50696